000
00261nam a2200109 a 4500
005
20141022141959.0
008
120229s19uu xx 00 eng d
050
_a
CD
_b
L51 2003
245
_a
40 Digital photography techniques.
260
_c
2003.
942
_c
AVM
999
_c
276170
_d
276170